[Event "Ann Arbor (MI Inv Pre/2)"]
[Site "?"]
[Date "1992.??.??"]
[Round "?"]
[White "Hahn, David"]
[Black "Koster, Ed"]
[Result "1/2-1/2"]
[WhiteElo "2250"]
[BlackElo "2160"]
[PlyCount "39"]
[EventDate "1992.??.??"]

1. c4 e5 2. g3 Nf6 3. Bg2 c6 4. d4 exd4 5. Qxd4 d5 6. Nf3 Be7 7. cxd5 cxd5 8.
O-O O-O 9. Nc3 Nc6 10. Qa4 Qb6 11. Qb5 d4 12. Qxb6 axb6 13. Nb5 Rd8 14. Rd1 Bc5
15. Bd2 Bf5 16. b3 h6 17. Nc7 Rac8 18. Nb5 Ra8 19. Nc7 Rac8 20. Nb5 1/2-1/2

[Event "Detroit (MI Op/5/9)"]
[Site "?"]
[Date "1992.??.??"]
[Round "?"]
[White "Hahn, David"]
[Black "Knecht, Mark"]
[Result "1/2-1/2"]
[WhiteElo "2225"]
[BlackElo "2110"]
[PlyCount "80"]
[EventDate "1992.??.??"]

{5/(9)} 1. c4 e6 2. g3 Nf6 3. Bg2 d5 4. Nf3 Be7 5. O-O O-O 6. b3 c5 7. e3 Nc6
8. Bb2 d4 9. exd4 cxd4 10. Re1 Bc5 11. d3 Qd6 12. a3 a5 13. Nbd2 e5 14. Ng5 Bb6
15. Rc1 Bg4 16. Qc2 Bc7 17. c5 Qd7 18. Nc4 Qf5 19. Qd2 h6 20. Ne4 Nxe4 21. Bxe4
Qh5 22. b4 axb4 23. axb4 Bf3 24. Bxf3 Qxf3 25. b5 Na5 26. b6 Nb3 27. Qd1 Qxd1
28. Rcxd1 Bb8 29. Nxe5 Bxe5 30. Rxe5 Ra2 31. Bc1 Rc2 32. Ba3 Ra8 33. Bb4 Raa2
34. Rf5 Ra4 35. Be1 Nxc5 36. Rd5 Ra6 37. Rxd4 Rxb6 38. Rc4 Rxc4 39. dxc4 Rc6
40. Rb1 Nd3 1/2-1/2

[Event "Detroit (MI Op/7/9)"]
[Site "?"]
[Date "1992.??.??"]
[Round "?"]
[White "Hahn, David"]
[Black "Fuller, William"]
[Result "1-0"]
[WhiteElo "2225"]
[BlackElo "2030"]
[PlyCount "141"]
[EventDate "1992.??.??"]

{7/(9)} 1. c4 Nf6 2. Nc3 e6 3. e4 d5 4. cxd5 exd5 5. e5 d4 6. exf6 dxc3 7. Qe2+
Be6 8. dxc3 Qxf6 9. Nf3 Nc6 10. Bg5 Qf5 11. g3 Bd6 12. Bg2 O-O 13. O-O Rfe8 14.
Rfe1 Bd5 15. Qxe8+ Rxe8 16. Rxe8+ Bf8 17. Bf4 Bxf3 18. Bxf3 g5 19. Bxc6 gxf4
20. Be4 Qb5 21. Re1 Kg7 22. Bf3 Qxb2 23. gxf4 Bc5 24. R1e2 Qc1+ 25. Kg2 Qxf4
26. R8e4 Qf6 27. Rg4+ Kf8 28. c4 h5 29. Rge4 h4 30. h3 c6 31. Re8+ Kg7 32. R2e4
Qb2 33. Rg4+ Kf6 34. Re2 Qc1 35. Rxh4 b5 36. cxb5 cxb5 37. Rh5 b4 38. Bg4 a5
39. Rf5+ Kg7 40. Ree5 Bb6 41. Rg5+ Kh6 42. Rh5+ Kg6 43. Rhf5 Kg7 44. Bh5 Qc6+
45. Bf3 Qd6 46. Bd5 f6 47. Re6 Qd8 48. Bb3 Qa8+ 49. Kg1 Bd4 50. Re7+ Kh6 51.
Bc2 Qg8+ 52. Kh1 Qc4 53. Rh7+ Kxh7 54. Rc5+ Qxc2 55. Rxc2 a4 56. Kg2 Kg6 57.
Rc4 Bc3 58. Kf3 Kf5 59. Rc5+ Ke6 60. Ra5 b3 61. Rxa4 b2 62. Ra6+ Kd5 63. Rb6
Kc4 64. Rb3 Kd3 65. Kf4 Kc2 66. Kf5 Be1 67. h4 Bxf2 68. h5 Be3 69. Rxb2+ Kxb2
70. a4 Ka3 71. a5 1-0

[Event "Flint (MEX/4)"]
[Site "?"]
[Date "1992.??.??"]
[Round "?"]
[White "Hahn, David"]
[Black "Calton, Bill"]
[Result "1/2-1/2"]
[WhiteElo "2240"]
[BlackElo "2130"]
[PlyCount "59"]
[EventDate "1992.??.??"]

1. c4 Nf6 2. Nc3 g6 3. e4 d6 4. d4 Bg7 5. Bd3 e5 6. d5 O-O 7. Nge2 Nh5 8. O-O
f5 9. exf5 Bxf5 10. f3 Nd7 11. Be3 Bxd3 12. Qxd3 Nf4 13. Qc2 Qg5 14. Bxf4 exf4
15. Ne4 Qf5 16. Rac1 Rf7 17. Rfd1 Be5 18. Nd4 Bxd4+ 19. Rxd4 Nf6 20. Nxf6+ Qxf6
21. Re4 Re7 22. Rxe7 Qxe7 23. Qd2 Qf7 24. Re1 Re8 25. h3 Rxe1+ 26. Qxe1 Qf6 27.
Qe8+ Kg7 28. Qd7+ Qf7 29. Qc8 Qe7 30. Qxb7 1/2-1/2

[Event "Detroit (MI Action/1)"]
[Site "?"]
[Date "1992.??.??"]
[Round "?"]
[White "Haakonstad, Olaf"]
[Black "Ruark, D."]
[Result "0-1"]
[WhiteElo "1850"]
[BlackElo "1685"]
[PlyCount "100"]
[EventDate "1992.??.??"]

1. e4 e5 2. Nf3 d6 3. Nc3 Nf6 4. Bc4 Be7 5. O-O O-O 6. Re1 Nc6 7. d4 exd4 8.
Nxd4 Ne5 9. Be2 Bg4 10. f3 Bd7 11. Be3 Re8 12. h3 Nc6 13. a3 Nxd4 14. Bxd4 c6
15. f4 h6 16. Bxf6 Bxf6 17. Bf3 Bxc3 18. bxc3 Be6 19. Qd4 Qb6 20. Rab1 Qxd4+
21. cxd4 b6 22. Rbc1 Bc4 23. Re3 f6 24. Rce1 Bb5 25. d5 cxd5 26. exd5 Rxe3 27.
Rxe3 Re8 28. Rc3 Re7 29. Rc8+ Kf7 30. Bg4 Bd7 31. Bxd7 Rxd7 32. Kf2 f5 33. Ke3
Kf6 34. Re8 Re7+ 35. Rxe7 Kxe7 36. Kd4 Kd7 37. Kc4 a6 38. a4 Kc7 39. Kb4 Kb7
40. c4 Kc7 41. a5 Kb7 42. Ka4 Kc7 43. h4 h5 44. g3 g6 45. Kb4 Kb7 46. Ka4 Kc7
47. axb6+ Kxb6 48. Kb4 a5+ 49. Ka4 Kc5 50. Kxa5 Kxc4 0-1

[Event "Detroit (MI Action/3)"]
[Site "?"]
[Date "1992.??.??"]
[Round "?"]
[White "Haakonstad, Olaf"]
[Black "Black, T."]
[Result "1-0"]
[WhiteElo "1850"]
[BlackElo "1605"]
[PlyCount "111"]
[EventDate "1992.??.??"]

1. e4 e5 2. Nf3 Nc6 3. Bb5 Nd4 4. Bc4 Nc6 5. O-O d6 6. Nc3 Nf6 7. Ng5 d5 8.
exd5 Na5 9. Bb5+ Bd7 10. Qe2 Bxb5 11. Qxb5+ Nd7 12. d4 b6 13. dxe5 Be7 14. Nxf7
Kxf7 15. e6+ Ke8 16. exd7+ Qxd7 17. Re1 Qxb5 18. Nxb5 Kd7 19. Bf4 Bc5 20. Nxc7
Raf8 21. Bg3 h5 22. Ne6 Rf7 23. Nxc5+ bxc5 24. h3 Rhf8 25. Re6 h4 26. Bxh4 Nc4
27. b3 Nb6 28. c4 g5 29. Bg3 Rf6 30. Rae1 Nc8 31. Rxf6 Rxf6 32. Re5 Rg6 33. d6
Nxd6 34. Rxc5 Ne4 35. Rd5+ Kc6 36. Kh2 Nc3 37. Ra5 Kb6 38. b4 a6 39. Ra3 Ne4
40. c5+ Kb5 41. Rb3 Rf6 42. f3 Nd2 43. Rb2 Nf1+ 44. Kg1 Nxg3 45. a3 Nf5 46. Rd2
Ne3 47. Kf2 Nc4 48. Rd3 a5 49. bxa5 Kxc5 50. Rc3 Kd4 51. Rb3 Nxa5 52. Rb5 Nc4
53. a4 Nb6 54. a5 Nc4 55. Rxg5 Nd6 56. Rg4+ 1-0

[Event "Detroit (MI Action/5)"]
[Site "?"]
[Date "1992.??.??"]
[Round "?"]
[White "Haakonstad, Olaf"]
[Black "Baze, Lineas"]
[Result "1/2-1/2"]
[WhiteElo "1850"]
[BlackElo "2100"]
[PlyCount "62"]
[EventDate "1992.??.??"]

1. e4 c5 2. Nc3 Nc6 3. g3 g6 4. Bg2 Bg7 5. d3 e6 6. Be3 d6 7. Qd2 Nge7 8. Bh6
Bf6 9. f4 Ng8 10. Bg5 Bxg5 11. fxg5 h6 12. Nf3 hxg5 13. Nxg5 f6 14. Nh3 e5 15.
Nf2 Be6 16. Nd5 Qd7 17. h4 O-O-O 18. O-O-O Rf8 19. Kb1 Kb8 20. Bh3 Bxh3 21.
Rxh3 Nge7 22. g4 Nxd5 23. exd5 Ne7 24. c4 f5 25. gxf5 Nxf5 26. h5 gxh5 27. Rdh1
h4 28. Ne4 Nd4 29. Ng5 Qf5 30. R3h2 Rfg8 31. Nh3 Nf3 1/2-1/2

[Event "Detroit (MOR/3/51)"]
[Site "?"]
[Date "1992.??.??"]
[Round "?"]
[White "Grzegorczyk, Ron"]
[Black "Wisckol, Richard"]
[Result "1-0"]
[WhiteElo "1630"]
[BlackElo "1790"]
[PlyCount "89"]
[EventDate "1992.??.??"]

{3/(51)} 1. e4 c5 2. Nf3 d6 3. Nc3 a6 4. b3 e6 5. Bb2 Nc6 6. a3 Nf6 7. d3 Be7
8. Be2 Qc7 9. O-O b5 10. Na2 Bb7 11. c4 O-O 12. Qd2 Na5 13. Bd1 Rfd8 14. Re1 e5
15. Nc3 Bc6 16. Nd5 Nxd5 17. exd5 Be8 18. Bc3 Nb7 19. Qe2 a5 20. Nd2 b4 21. Bb2
f6 22. f4 Bg6 23. g4 Re8 24. f5 Bf7 25. a4 Qd7 26. Ne4 g6 27. fxg6 Bxg6 28. Rf1
Rf8 29. Qg2 f5 30. gxf5 Rxf5 31. Bg4 Rxf1+ 32. Rxf1 Qc7 33. Be6+ Kg7 34. Bc1
Rf8 35. Bf5 Qd8 36. Bg5 Kh8 37. Bh6 Rg8 38. Ng5 Bxg5 39. Bxg5 Qc7 40. Bf6+ Rg7
41. Bxg6 hxg6 42. Qh3+ Kg8 43. Qe6+ Rf7 44. Qe8+ Rf8 45. Qxg6+ 1-0

[Event "East Lansing (MI Am/4)"]
[Site "?"]
[Date "1992.??.??"]
[Round "?"]
[White "Grzegorczyk, Ron"]
[Black "Neely, Richard"]
[Result "0-1"]
[WhiteElo "1665"]
[BlackElo "1605"]
[PlyCount "40"]
[EventDate "1992.??.??"]

1. e4 e6 2. d4 d5 3. e5 c5 4. c3 Nc6 5. Nf3 Qb6 6. b3 cxd4 7. cxd4 Bb4+ 8. Ke2
Nge7 9. a3 Qa6+ 10. Ke3 Qa5 11. Bb2 Nf5+ 12. Kd3 Be7 13. b4 Qb6 14. Nbd2 a5 15.
Qa4 Bd7 16. Qb3 axb4 17. g4 Na5 18. Qa2 Bb5+ 19. Kc2 b3+ 20. Nxb3 Ba4 0-1

[Event "Detroit (MOR/5/58)"]
[Site "?"]
[Date "1992.??.??"]
[Round "?"]
[White "Grzegorczyk, Ron"]
[Black "Mohammed, A."]
[Result "1-0"]
[WhiteElo "1630"]
[BlackElo "1775"]
[PlyCount "69"]
[EventDate "1992.??.??"]

{5/(58)} 1. e4 c5 2. Nf3 d6 3. Nc3 Nf6 4. Bc4 e6 5. d3 g6 6. O-O Bg7 7. Be3 Ng4
8. Bg5 Nf6 9. e5 dxe5 10. Nxe5 O-O 11. Ne4 h6 12. Bh4 g5 13. Bg3 Nxe4 14. dxe4
Qf6 15. f4 Qe7 16. fxg5 hxg5 17. Ng4 Nc6 18. c3 Na5 19. Be2 Rd8 20. Qc2 e5 21.
Rad1 Be6 22. b3 Nc6 23. Ne3 a5 24. Nf5 Qc7 25. Qc1 f6 26. h4 gxh4 27. Bxh4 Bxf5
28. Rxf5 Rxd1+ 29. Qxd1 Rd8 30. Qf1 Ne7 31. Rxf6 Bxf6 32. Qxf6 Nc6 33. Bc4+ Kh7
34. Qf5+ Kh6 35. Bg5+ 1-0

[Event "Detroit (MOR/1b/48)"]
[Site "?"]
[Date "1992.??.??"]
[Round "?"]
[White "Grzegorczyk, Ron"]
[Black "Kane, Paul"]
[Result "1-0"]
[WhiteElo "1630"]
[BlackElo "1605"]
[PlyCount "97"]
[EventDate "1992.??.??"]

1. e4 c6 2. c4 d5 3. cxd5 cxd5 4. Bb5+ Bd7 5. Bxd7+ Qxd7 6. exd5 Nf6 7. Nc3
Nxd5 8. Qf3 e6 9. a3 Nc6 10. Nge2 Be7 11. O-O O-O 12. Nxd5 Qxd5 13. Qxd5 exd5
14. d4 Bf6 15. Be3 Rac8 16. Rac1 Rfe8 17. b4 a6 18. Rc2 a5 19. Rfc1 axb4 20.
axb4 Ra8 21. b5 Na5 22. Rc7 b6 23. Rd7 Rad8 24. Rcc7 Rxd7 25. Rxd7 Rd8 26. Ra7
h6 27. Ra6 Nc4 28. Bf4 Re8 29. Kf1 g5 30. Bc1 Kg7 31. Nc3 Rd8 32. Ra4 Bxd4 33.
Nxd5 Rxd5 34. Rxc4 Bc5 35. g3 Rd4 36. Bb2 Kg6 37. Bxd4 Bxd4 38. Rxd4 f5 39.
Rd6+ Kh5 40. Rxb6 f4 41. Rf6 fxg3 42. fxg3 g4 43. b6 Kg5 44. Rf4 h5 45. b7 h4
46. b8=Q hxg3 47. hxg3 Kg6 48. Qg8+ Kh5 49. Rxg4 1-0

[Event "East Lansing (MI Am/2)"]
[Site "?"]
[Date "1992.??.??"]
[Round "?"]
[White "Grzegorczyk, Ron"]
[Black "Boyle, R."]
[Result "1-0"]
[WhiteElo "1665"]
[BlackElo "1605"]
[PlyCount "79"]
[EventDate "1992.??.??"]

1. e4 e5 2. Nf3 Nc6 3. Bb5 d6 4. d4 a6 5. Bxc6+ bxc6 6. dxe5 dxe5 7. Qxd8+ Kxd8
8. Nxe5 Bb7 9. Nxf7+ Ke8 10. Nxh8 Nf6 11. Nc3 c5 12. f3 g6 13. Bf4 Rc8 14.
O-O-O g5 15. Be5 Bg7 16. Nd5 Nxd5 17. Bxg7 Nf4 18. Rd2 Nh5 19. Bc3 Rd8 20.
Rxd8+ Kxd8 21. Nf7+ Ke7 22. Nxg5 h6 23. Nh3 Nf6 24. Nf2 Ke6 25. Bxf6 Kxf6 26.
Rd1 a5 27. Rd7 Ke6 28. Rxc7 Ba6 29. Rc6+ Kd7 30. Rxa6 Kc7 31. f4 Kb7 32. Rxh6
Kc7 33. e5 Kd7 34. f5 Ke7 35. f6+ Ke6 36. Rh7 Kxe5 37. f7 Kf6 38. f8=Q+ Kg6 39.
Rg7+ Kh6 40. Qh8# 1-0

[Event "Detroit (MI Op/3/47)"]
[Site "?"]
[Date "1992.??.??"]
[Round "?"]
[White "Grossman, Jay"]
[Black "Thurman, John"]
[Result "1-0"]
[WhiteElo "1850"]
[BlackElo "1755"]
[PlyCount "57"]
[EventDate "1992.??.??"]

{3/(47)} 1. e4 e5 2. Nf3 Nc6 3. Bb5 a6 4. Ba4 d6 5. d4 exd4 6. Nxd4 Bd7 7. O-O
Nf6 8. c3 Be7 9. Bc2 O-O 10. f4 Re8 11. Nd2 Bf8 12. h3 Nxd4 13. cxd4 Bc6 14. e5
dxe5 15. dxe5 Bc5+ 16. Kh1 Nd5 17. Nf3 g6 18. Ng5 h6 19. Ne4 Bf8 20. Bb3 Bg7
21. Qg4 Ne3 22. Bxe3 Bxe4 23. f5 Bxf5 24. Rxf5 gxf5 25. Qxf5 Qe7 26. Rf1 Rf8
27. Bc2 Rfd8 28. Qh7+ Kf8 29. Bb3 1-0

[Event "Detroit (MI Op/1b/5)"]
[Site "?"]
[Date "1992.??.??"]
[Round "?"]
[White "Grossman, Jay"]
[Black "Thomas, Carlton"]
[Result "0-1"]
[WhiteElo "1850"]
[BlackElo "2100"]
[PlyCount "84"]
[EventDate "1992.??.??"]

1. e4 e6 2. d4 d5 3. Nc3 Bb4 4. e5 c5 5. Bd2 cxd4 6. Nb5 Bf8 7. Nxd4 Nc6 8.
Ngf3 Bc5 9. c3 Qb6 10. Bc1 Bd7 11. Be2 Nge7 12. O-O Ng6 13. Nxc6 Bxc6 14. Bd3
Bb5 15. h4 a5 16. h5 Ne7 17. Nd4 Bxd3 18. Qxd3 Bxd4 19. Qxd4 Qxd4 20. cxd4 Nc6
21. Be3 g6 22. hxg6 hxg6 23. g3 Kd7 24. Kg2 Rh5 25. Rh1 Rah8 26. Rxh5 Rxh5 27.
Rh1 Rxh1 28. Kxh1 a4 29. Kg2 Nb4 30. a3 Nd3 31. Kf3 Nxb2 32. Ke2 b5 33. Bc1 Nc4
34. Kd3 b4 35. axb4 Kc6 36. Kc3 Kb5 37. f4 a3 38. Kb3 a2 39. Kxa2 Kxb4 40. Ka1
Kc3 41. Kb1 Kxd4 42. Kc2 Ke4 0-1

[Event "Flint (Class A/2)"]
[Site "?"]
[Date "1992.??.??"]
[Round "?"]
[White "Grossman, Jay"]
[Black "Stefanski, Mark"]
[Result "0-1"]
[WhiteElo "1810"]
[BlackElo "1955"]
[PlyCount "92"]
[EventDate "1992.??.??"]

1. e4 e6 2. d4 d5 3. Nc3 Bb4 4. e5 c5 5. Bd2 Nc6 6. Nf3 cxd4 7. Nb5 Bc5 8. Bd3
a6 9. Na3 Qc7 10. Qe2 Nge7 11. O-O Ng6 12. Rfe1 Bd7 13. Rac1 Qb6 14. c4 dxc3
15. Rxc3 Nd4 16. Nxd4 Bxd4 17. Rb3 Qa7 18. Bxg6 hxg6 19. Bb4 Rc8 20. Bd6 f6 21.
Rf3 Kf7 22. exf6 gxf6 23. Be5 Bxe5 24. Qxe5 f5 25. g4 Qc5 26. Rc3 Qb4 27. gxf5
gxf5 28. Rb3 Rhg8+ 29. Kf1 Qa4 30. Rxb7 Qc6 31. Rb3 a5 32. Qe2 Rg4 33. Rg3 Rcg8
34. Qd3 Bc8 35. Qf3 Qa6+ 36. Qe2 Qc6 37. Qf3 Qa6+ 38. Kg1 d4 39. Rc1 d3 40. Rd1
Bb7 41. Qxd3 Qc6 42. Qd7+ Kf6 43. Qxc6 Bxc6 44. Kf1 f4 45. Rxg4 Rxg4 46. Ke2
Be4 0-1

[Event "Ann Arbor (HVA/2/14)"]
[Site "?"]
[Date "1992.??.??"]
[Round "?"]
[White "Griffin, John"]
[Black "Vaughn, Gerald"]
[Result "1-0"]
[WhiteElo "1625"]
[BlackElo "1605"]
[PlyCount "115"]
[EventDate "1992.??.??"]

{2/(14)} 1. d4 Nf6 2. c4 e6 3. g3 c5 4. d5 e5 5. Bg2 d6 6. Nc3 h6 7. e4 Be7 8.
Nge2 O-O 9. f4 exf4 10. Nxf4 Nbd7 11. O-O Ne5 12. b3 Bg4 13. Qc2 g5 14. Nd3
Nfd7 15. Bb2 Bf6 16. Nd1 Re8 17. Nxe5 Nxe5 18. Ne3 Bd7 19. Nf5 Bxf5 20. Rxf5
Bg7 21. Raf1 Re7 22. Qe2 Qa5 23. Ba1 Rf8 24. Qc2 Ng4 25. Bxg7 Kxg7 26. Qe2 Ne5
27. Rf6 Qd8 28. Qh5 Ng6 29. Qf3 Ne5 30. Qc3 b6 31. h4 gxh4 32. gxh4 Rh8 33.
Qg3+ Kf8 34. Qf4 Kg7 35. Qg3+ Kf8 36. Qe3 Ng4 37. Qc3 Nxf6 38. Qxf6 Rh7 39. Bh3
Rg7+ 40. Kh1 Re8 41. Qxh6 Rxe4 42. Qh8+ Rg8 43. Qh6+ Ke8 44. Qh7 Qe7 45. Qxg8+
Qf8 46. Bd7+ Ke7 47. Qg5+ f6 48. Qh5 Kd8 49. Be6 Re5 50. Qh7 Qe7 51. Qh8+ Qe8
52. Qxf6+ Qe7 53. Qh8+ Qe8 54. Rf8 Re1+ 55. Kg2 Re2+ 56. Kf3 Rxe6 57. dxe6
Qxf8+ 58. Qxf8+ 1-0

[Event "Flint (Class B/1)"]
[Site "?"]
[Date "1992.??.??"]
[Round "?"]
[White "Griffin, John"]
[Black "Stockman, David"]
[Result "0-1"]
[WhiteElo "1630"]
[BlackElo "1720"]
[PlyCount "96"]
[EventDate "1992.??.??"]

1. d4 Nf6 2. c4 c5 3. d5 b5 4. cxb5 a6 5. e3 axb5 6. Bxb5 Ba6 7. Nc3 g6 8. Nf3
Bxb5 9. Nxb5 Qa5+ 10. Nc3 Bg7 11. O-O d6 12. Qc2 O-O 13. a3 Na6 14. Nd2 Nb4 15.
Qd1 Qa6 16. e4 Rfb8 17. Rb1 Nd3 18. Qc2 Nd7 19. Nf3 c4 20. Bd2 N7c5 21. Ne1
Bxc3 22. Bxc3 Nxe4 23. Bd4 Qa5 24. Nxd3 cxd3 25. Qxd3 Qxd5 26. Rfd1 Rb3 27. Qc2
Rab8 28. Rd3 Rxd3 29. Qxd3 e5 30. f3 Nc5 31. Qc3 Qxd4+ 32. Qxd4 exd4 33. b4 Kg7
34. b5 Kf6 35. Rb4 Ke5 36. b6 Kd5 37. a4 Nxa4 38. Rxa4 Rxb6 39. Ra2 Kc4 40. Kf1
Kc3 41. Ke2 Rb2+ 42. Rxb2 Kxb2 43. Kd3 Kc1 44. Kxd4 Kd2 45. g4 Ke2 46. f4 Kf3
47. h3 Kxf4 48. Kd5 Kg3 0-1

[Event "Flint (MI Senior/4)"]
[Site "?"]
[Date "1992.??.??"]
[Round "?"]
[White "Griffin, John"]
[Black "Serwatowski, Felix"]
[Result "1-0"]
[WhiteElo "1615"]
[BlackElo "1605"]
[PlyCount "75"]
[EventDate "1992.??.??"]

1. d4 g6 2. c4 Bg7 3. g3 Nf6 4. Bg2 O-O 5. Nf3 d5 6. Nc3 c6 7. cxd5 cxd5 8. O-O
Be6 9. Qb3 Qd7 10. Ne5 Qc7 11. Nxd5 Nxd5 12. Bxd5 Bxd5 13. Qxd5 Rd8 14. Qxf7+
Kh8 15. Bf4 Qb6 16. Qxe7 Nc6 17. Qh4 Kg8 18. Nc4 Qxd4 19. Bg5 Qxh4 20. gxh4 Rd4
21. Nd2 Rg4+ 22. Kh1 h6 23. Be3 Rxh4 24. Nf3 Rb4 25. Rab1 Rxb2 26. Rxb2 Bxb2
27. Rb1 Bg7 28. Rxb7 a5 29. Rb6 Ne7 30. Bc5 Kf7 31. e3 a4 32. Rb7 Bf6 33. Nd4
Ke8 34. Rb6 Kf7 35. Nb5 Kg7 36. Rb7 Kf8 37. Bb4 Ke8 38. Nc7+ 1-0

[Event "Flint (MI Senior/3)"]
[Site "?"]
[Date "1992.??.??"]
[Round "?"]
[White "Griffin, John"]
[Black "Rosebrook, G."]
[Result "1-0"]
[WhiteElo "1615"]
[BlackElo "1605"]
[PlyCount "73"]
[EventDate "1992.??.??"]

1. d4 Nf6 2. c4 g6 3. g3 Bg7 4. Bg2 c6 5. Nf3 d6 6. Nc3 O-O 7. O-O Re8 8. h3
Nbd7 9. e4 Qc7 10. Rb1 a6 11. b4 h5 12. Qc2 Nf8 13. Bd2 d5 14. cxd5 cxd5 15.
Rbc1 dxe4 16. Nh4 Rd8 17. Be3 Ne6 18. d5 Nxd5 19. Nxd5 Rxd5 20. Qxc7 Nxc7 21.
Rxc7 g5 22. Bxe4 Bxh3 23. Bxd5 Bxf1 24. Nf5 e6 25. Nxg7 exd5 26. Kxf1 Kxg7 27.
Bxg5 Kg6 28. Bh4 Re8 29. Be7 Kf5 30. Rxb7 Ke4 31. Bc5 f5 32. Rh7 Kf3 33. Rxh5
Kg4 34. Rh4+ Kg5 35. Rd4 Kf6 36. Rxd5 Re6 37. Rd6 1-0

[Event "Detroit (MOR/1a/46)"]
[Site "?"]
[Date "1992.??.??"]
[Round "?"]
[White "Griffin, John"]
[Black "Raupp, Kenneth A"]
[Result "1-0"]
[WhiteElo "1640"]
[BlackElo "1605"]
[PlyCount "105"]
[EventDate "1992.??.??"]

1. d4 f5 2. c4 e6 3. Nf3 Nf6 4. g3 b6 5. Bg2 Bb7 6. O-O Be7 7. b3 O-O 8. Nc3 d6
9. Re1 Nbd7 10. d5 e5 11. Ng5 Qe8 12. e3 h6 13. Ne6 Rf7 14. Nxc7 Qc8 15. Nxa8
Bxa8 16. Qc2 e4 17. Bb2 Ng4 18. f3 exf3 19. Bxf3 Nge5 20. Bg2 Qc5 21. Nd1 Bg5
22. Bd4 Qb4 23. Qc3 Qxc3 24. Bxc3 Nd3 25. Re2 Re7 26. Bd4 f4 27. Nf2 Nb4 28.
Rae1 Rf7 29. exf4 Bf6 30. Re8+ Rf8 31. Bxf6 Nxf6 32. R8e7 a5 33. a3 Nc2 34.
R1e6 Rd8 35. Ne4 Kf8 36. Nxf6 gxf6 37. Rh7 Kg8 38. Rxh6 Kg7 39. Rhxf6 Nxa3 40.
Be4 b5 41. Rh6 bxc4 42. Rh7+ Kg8 43. bxc4 Nxc4 44. Reh6 Kf8 45. Rh8+ Kg7 46.
R6h7+ Kf6 47. Rxd8 Bxd5 48. Bxd5 Nb2 49. Rh6+ Kf5 50. Rdxd6 a4 51. Kg2 a3 52.
Rdf6+ Kg4 53. h3# 1-0

[Event "Flint (Class B/3)"]
[Site "?"]
[Date "1992.??.??"]
[Round "?"]
[White "Griffin, John"]
[Black "Munger, Larry"]
[Result "0-1"]
[WhiteElo "1630"]
[BlackElo "1690"]
[PlyCount "96"]
[EventDate "1992.??.??"]

1. d4 Nf6 2. c4 g6 3. g3 Bg7 4. Bg2 c5 5. Nc3 cxd4 6. Qxd4 Nc6 7. Qd1 O-O 8.
Nf3 d6 9. O-O Bf5 10. Ng5 Rb8 11. e4 Bd7 12. Re1 Ng4 13. Nf3 Qb6 14. Qe2 Nd4
15. Qd3 Nxf3+ 16. Qxf3 Ne5 17. Qe2 Qb4 18. Nd5 Qxc4 19. Qxc4 Nxc4 20. Nxe7+ Kh8
21. Rb1 Ne5 22. Rd1 Rfe8 23. Nd5 Bf8 24. b3 Kg7 25. Bg5 Bg4 26. Rdc1 Nf3+ 27.
Bxf3 Bxf3 28. Nc7 Rxe4 29. Nb5 Re5 30. Nd4 Be4 31. f4 Rd5 32. Nc2 Rd2 33. f5
Rxc2 34. f6+ Kg8 35. Rxc2 Bxc2 36. Rc1 Be4 37. Bf4 Bc6 38. g4 Re8 39. Kf2 Re4
40. Rc4 Rxc4 41. bxc4 d5 42. cxd5 Bxd5 43. a4 a5 44. Bc7 Bb4 45. Ke3 Kf8 46.
Kd4 Bb3 47. Ke5 Bxa4 48. Bb6 Ke8 0-1

[Event "Ann Arbor (HVA/4/13)"]
[Site "?"]
[Date "1992.??.??"]
[Round "?"]
[White "Griffin, John"]
[Black "Moore, Deane"]
[Result "1-0"]
[WhiteElo "1625"]
[BlackElo "1605"]
[PlyCount "59"]
[EventDate "1992.??.??"]

{4/(13)} 1. d4 d5 2. c4 dxc4 3. Nf3 Nf6 4. Nc3 e6 5. Qa4+ Nc6 6. Qxc4 h6 7. g3
a6 8. Bg2 Nb4 9. a3 Nc2+ 10. Kf1 Nxa1 11. Qa4+ Qd7 12. Qd1 Bd6 13. Bd2 c5 14.
Qxa1 cxd4 15. Nxd4 Bxg3 16. hxg3 Qxd4 17. Be3 Qd8 18. b4 Ng4 19. Ne4 Nxe3+ 20.
fxe3 Kf8 21. Kf2 Rb8 22. Qe5 Ra8 23. Qc5+ Kg8 24. Qc2 Rb8 25. Rd1 Qe7 26. Kg1
b6 27. Nd6 Bb7 28. Nxb7 Rxb7 29. Bxb7 Qxb7 30. Rd8# 1-0

[Event "Ann Arbor (HVA/5/9)"]
[Site "?"]
[Date "1992.??.??"]
[Round "?"]
[White "Griffin, John"]
[Black "McCarter, Robert"]
[Result "1/2-1/2"]
[WhiteElo "1625"]
[BlackElo "1700"]
[PlyCount "101"]
[EventDate "1992.??.??"]

{5/(9)} 1. d4 Nf6 2. c4 e6 3. Nf3 d5 4. g3 Be7 5. Bg2 O-O 6. O-O b6 7. b3 Bb7
8. Nc3 Nbd7 9. Ne5 c5 10. Nxd7 Qxd7 11. dxc5 Bxc5 12. cxd5 exd5 13. e3 Rad8 14.
Bb2 Ba6 15. Re1 Rfe8 16. Qc2 Rc8 17. Rac1 Bb4 18. a3 Bxc3 19. Bxc3 Ne4 20. Qb2
Nxc3 21. Rxc3 Rxc3 22. Qxc3 d4 23. exd4 Rxe1+ 24. Qxe1 f6 25. Bh3 Qd8 26. Be6+
Kf8 27. Qb4+ Qe7 28. Qxe7+ Kxe7 29. Bc4 Bb7 30. f3 Bxf3 31. Kf2 Bg4 32. Ke3 Kd6
33. Bg8 Bf5 34. Bc4 Be6 35. Kf4 g6 36. h4 b5 37. Bxe6 Kxe6 38. g4 Kd5 39. Ke3
f5 40. gxf5 gxf5 41. h5 a5 42. h6 b4 43. axb4 axb4 44. Kf4 Kxd4 45. Kxf5 Kc3
46. Kf6 Kxb3 47. Kg7 Ka2 48. Kxh7 b3 49. Kg8 b2 50. h7 b1=Q 51. h8=Q 1/2-1/2

[Event "Detroit (MOR/7/86)"]
[Site "?"]
[Date "1992.??.??"]
[Round "?"]
[White "Griffin, John"]
[Black "Mailing, Don"]
[Result "0-1"]
[WhiteElo "1640"]
[BlackElo "1605"]
[PlyCount "122"]
[EventDate "1992.??.??"]

{7/(86)} 1. d4 d5 2. c4 Nf6 3. Nc3 e6 4. g3 Bb4 5. Nf3 Bxc3+ 6. bxc3 O-O 7. Bg2
dxc4 8. a4 Bd7 9. Ne5 Nc6 10. Nxc4 Rb8 11. O-O h6 12. Re1 a6 13. e4 Na7 14. Ne5
Nc6 15. Nxd7 Qxd7 16. Re2 e5 17. d5 Na5 18. f3 c6 19. Ba3 Rfd8 20. Rd2 cxd5 21.
Bf1 Qc6 22. Rb1 Qxc3 23. Bb2 Qc7 24. exd5 Qc5+ 25. Kg2 Rxd5 26. Rc1 Rxd2+ 27.
Qxd2 Qe7 28. Qc3 Nc6 29. Rb1 Nd5 30. Qb3 Rd8 31. Ba3 Qd7 32. Kg1 Na5 33. Qc2
Ne3 34. Qc3 Nxf1 35. Rxf1 Qd4+ 36. Qxd4 exd4 37. Rd1 d3 38. Bb4 Nb3 39. Kf2 Rd4
40. Bc3 Rxa4 41. Rxd3 Ra2+ 42. Ke3 Nc5 43. Rd8+ Kh7 44. Rc8 Ne6 45. Rb8 b5 46.
h4 Ra3 47. Kd2 Ra2+ 48. Ke3 Ra3 49. Kd2 Nc7 50. Rb7 Nd5 51. Bb2 Rxf3 52. Be5 f6
53. Bd6 b4 54. Ra7 b3 55. g4 Rf2+ 56. Ke1 Ra2 57. Bf8 Ra1+ 58. Kf2 Kg8 59. Bxg7
b2 60. Bxh6 b1=Q 61. Ra8+ Kf7 0-1

[Event "Flint (Class B/5)"]
[Site "?"]
[Date "1992.??.??"]
[Round "?"]
[White "Griffin, John"]
[Black "Jointer, William"]
[Result "1/2-1/2"]
[WhiteElo "1630"]
[BlackElo "1700"]
[PlyCount "101"]
[EventDate "1992.??.??"]

1. d4 Nf6 2. c4 e5 3. dxe5 Ng4 4. Bf4 Nc6 5. Nf3 Bb4+ 6. Nbd2 f6 7. h3 Ngxe5 8.
Nxe5 Nxe5 9. a3 Qe7 10. e3 Bd6 11. Be2 b6 12. O-O Bb7 13. Rc1 O-O 14. Qc2 f5
15. b4 c5 16. Bxe5 Bxe5 17. Bf3 d6 18. Bxb7 Qxb7 19. Nf3 Rf6 20. Nxe5 dxe5 21.
Rfd1 Raf8 22. Rd5 f4 23. exf4 exf4 24. f3 Rg6 25. Kf1 Qe7 26. Re1 Re6 27. Rxe6
Qxe6 28. Qd2 Re8 29. bxc5 bxc5 30. Rxc5 Qf6 31. Rd5 Qa1+ 32. Kf2 Qxa3 33. Rd8
Qc5+ 34. Qd4 Qxd4+ 35. Rxd4 g5 36. g3 fxg3+ 37. Kxg3 a5 38. c5 Rc8 39. Rc4 Kf7
40. c6 Ke6 41. Rc5 Ra8 42. c7 Kd7 43. c8=Q+ Rxc8 44. Rxa5 h6 45. Ra7+ Ke8 46.
Ra6 h5 47. h4 g4 48. Ra3 Rc4 49. fxg4 Rxg4+ 50. Kh3 Rb4 51. Rg3 1/2-1/2

[Event "East Lansing (MI Am/4)"]
[Site "?"]
[Date "1992.??.??"]
[Round "?"]
[White "Griffin, John"]
[Black "Cunningham, J."]
[Result "1-0"]
[WhiteElo "1615"]
[BlackElo "1605"]
[PlyCount "79"]
[EventDate "1992.??.??"]

1. d4 d5 2. c4 c6 3. g3 Be6 4. Bg2 g6 5. Nf3 Bg7 6. O-O Qd7 7. cxd5 cxd5 8. Nc3
Nf6 9. Qa4 Nc6 10. Ne5 Qc8 11. Nxc6 bxc6 12. e4 Bh3 13. exd5 Bxg2 14. Kxg2 O-O
15. dxc6 Qd8 16. Qd1 Nd5 17. Qf3 Nxc3 18. bxc3 Rc8 19. Rb1 e5 20. Rd1 Qc7 21.
d5 f5 22. c4 e4 23. Qe3 Rfe8 24. Rb7 Qe5 25. Qa3 Bf8 26. Qb2 Qd6 27. Qd4 Red8
28. Bb2 Rc7 29. Qh8+ Kf7 30. Qxh7+ Ke8 31. Qxc7 Qxc7 32. Rxc7 Bd6 33. Rg7 Rb8
34. Rg8+ Kf7 35. Rxb8 Bxb8 36. d6 Ke8 37. c7 f4 38. d7+ Kf7 39. d8=Q f3+ 40.
Kf1 1-0